Notes on the fishes of Lake Ontario. (Record no. 23191)
[ view plain ]
| 000 -LEADER | |
|---|---|
| fixed length control field | 00603cam a22001931i 4500 |
| 001 - CONTROL NUMBER | |
| control field | f 11000021 |
| 003 - CONTROL NUMBER IDENTIFIER | |
| control field | DLC |
| 005 - DATE AND TIME OF LATEST TRANSACTION | |
| control field | 20260227111248.0 |
| 008 - FIXED-LENGTH DATA ELEMENTS--GENERAL INFORMATION | |
| fixed length control field | 940325s1902 dcu 000 0 eng |
| 010 ## - LIBRARY OF CONGRESS CONTROL NUMBER | |
| LC control number | f 11000021 |
| 035 ## - SYSTEM CONTROL NUMBER | |
| System control number | (OCoLC)30469959 |
| 040 ## - CATALOGING SOURCE | |
| Original cataloging agency | DLC |
| Transcribing agency | NNC |
| Modifying agency | DLC |
| 042 ## - AUTHENTICATION CODE | |
| Authentication code | premarc |
| 050 00 - LIBRARY OF CONGRESS CALL NUMBER | |
| Classification number | QL628.N7 |
| Item number | E82 |
| 100 1# - MAIN ENTRY--PERSONAL NAME | |
| Personal name | Evermann, Barton Warren, |
| Dates associated with a name | 1853-1932. |
| 245 10 - TITLE STATEMENT | |
| Title | Notes on the fishes of Lake Ontario. |
| Remainder of title | An annotated list of the fishes known to occur in Lake Champlain and its tributary waters. |
| 260 ## - PUBLICATION, DISTRIBUTION, ETC. | |
| Place of publication, distribution, etc. | Washington, |
| Name of publisher, distributor, etc. | Govt. print. off., |
| Date of publication, distribution, etc. | 1902. |
| 300 ## - PHYSICAL DESCRIPTION | |
| Extent | 209-240 p. |
No items available.